ბათუმის შოთა რუსთაველის სახელმწიფო უნივერსიტეტის ბიბლიოთეკა

Mittelpunkt redemittelsammlung (ბიბ.ჩანაწერი № 50401)

000 -LEADER
fixed length control field 00417nam a2200181Ia 4500
001 - CONTROL NUMBER
control field 17345
003 - CONTROL NUMBER IDENTIFIER
control field GE_BSU
008 - FIXED-LENGTH DATA ELEMENTS--GENERAL INFORMATION
fixed length control field 181216s||||||||xx |||||||||||||| ||und||
040 ## - CATALOGING SOURCE
Transcribing agency GE_BSU
080 ## - UNIVERSAL DECIMAL CLASSIFICATION NUMBER
Universal Decimal Classification number 811.112
245 ## - TITLE STATEMENT
Title Mittelpunkt redemittelsammlung
260 ## - PUBLICATION, DISTRIBUTION, ETC.
Date of publication, distribution, etc. 2008
300 ## - PHYSICAL DESCRIPTION
Extent 71p.
653 ## - INDEX TERM--UNCONTROLLED
Uncontrolled term mittelpunkt redemittelsammlung
653 ## - INDEX TERM--UNCONTROLLED
Uncontrolled term ქსეროქსი
942 ## - ADDED ENTRY ELEMENTS (KOHA)
Koha item type წიგნი
ეგზემპლარები
Withdrawn status Lost status Damaged status Not for loan Date acquired Barcode Date last seen Price effective from Koha item type
        2018-12-17 00290 ქსეროქსი 2018-12-17 2018-12-17 წიგნი
        2018-12-17 00289 ქსეროქსი 2018-12-17 2018-12-17 წიგნი